Autour du badminton aux JO - Statistiques

Statistiques générales
  • Ce quiz a été pris 36 fois
    24 depuis la dernière actualisation
  • Le résultat moyen est 13 sur 40
Statistiques - réponses
Hint Réponse % Correct
Quels sont les trois pays qui dominent la discipline ? 52 médailles Chine
85%
Quels pays européens ont obtenu au moins un titre olympique ? 10 médailles Danemark
80%
Quels sont les trois pays qui dominent la discipline ? 22 médailles Indonésie
75%
Quels sont les trois pays qui dominent la discipline ? 22 médailles Corée-du-Sud
70%
Généralités Le badminton est devenu discipline olympique en 1992
65%
Quels pays européens ont obtenu au moins un titre olympique ? 1 médaille Espagne
65%
De quelle nationalité est ce(tte) médaillé(e) européen(ne) ? Carolina Marin Espagnole
55%
Pays ayant participé à tous les tournois olympiques de badminton Asie Chine
45%
Pays ayant participé à tous les tournois olympiques de badminton Océanie Australie
40%
Pays ayant participé à tous les tournois olympiques de badminton Amérique Canada
40%
De quelle nationalité est ce(tte) médaillé(e) européen(ne) ? Viktor Axelsen Danoise
40%
Pays ayant participé à tous les tournois olympiques de badminton Europe Danemark
35%
De quelle nationalité est ce(tte) médaillé(e) européen(ne) ? Christinna Pedersen Danoise
35%
Pays ayant participé à tous les tournois olympiques de badminton Europe Allemagne
30%
De quelle nationalité est ce(tte) médaillé(e) européen(ne) ? Kamilla Rytter Juhl Danoise
30%
Pays ayant participé à tous les tournois olympiques de badminton Amérique Etats-Unis
30%
Pays ayant participé à tous les tournois olympiques de badminton Europe France
30%
Pays ayant participé à tous les tournois olympiques de badminton Asie Indonésie
30%
De quelle nationalité est ce(tte) médaillé(e) européen(ne) ? Valeria Sorokina Russe
30%
De quelle nationalité est ce(tte) médaillé(e) européen(ne) ? Nina Vislova Russe
30%
Généralités Il avait été sport de démonstration en 1972
25%
Pays ayant participé à tous les tournois olympiques de badminton Asie Corée-du-Sud
25%
De quelle nationalité est ce(tte) médaillé(e) européen(ne) ? Joachim Fischer Nielsen Danois
25%
De quelle nationalité est ce(tte) médaillé(e) européen(ne) ? Thomas Stuer-Lauridsen Danoise
25%
Pays ayant participé à tous les tournois olympiques de badminton Asie Japon
25%
De quelle nationalité est ce(tte) médaillé(e) européen(ne) ? Jens Eriksen Danois
20%
De quelle nationalité est ce(tte) médaillé(e) européen(ne) ? Mette Schjoldager Danois
20%
De quelle nationalité est ce(tte) médaillé(e) européen(ne) ? Camilla Martin Danoise
20%
Pays ayant participé à tous les tournois olympiques de badminton Asie Thaïlande
20%
Généralités Nombre de médailles distribuées 15
15%
Pays ayant participé à tous les tournois olympiques de badminton Europe Bulgarie
15%
Pays ayant participé à tous les tournois olympiques de badminton Europe Finlande
15%
Pays ayant participé à tous les tournois olympiques de badminton Asie Inde
15%
Pays ayant participé à tous les tournois olympiques de badminton Asie Malaisie
15%
Pays ayant participé à tous les tournois olympiques de badminton Europe Suède
15%
De quelle nationalité est ce(tte) médaillé(e) européen(ne) ? Simon Archer Britannique
10%
De quelle nationalité est ce(tte) médaillé(e) européen(ne) ? Joanne Goode Britannique
10%
Pays ayant participé à tous les tournois olympiques de badminton Asie Hong-Kong
10%
Pays ayant participé à tous les tournois olympiques de badminton Europe Royaume-Uni
10%
De quelle nationalité est ce(tte) médaillé(e) européen(ne) ? Mia Audina Néerlandaise
5%
Aucun quiz correspondant
Distribution des résultats
% des personnes avec chaque résultat
Percentile par nombre de réponses
Votre historique - résultats
Vous n’avez pas pris ce quiz depuis la dernière actualisation